Responses for Show #5113 - Wednesday, November 29, 2006

Contestants

[<< previous game]

Alexia Henke, a singer from Brooklyn, New York

David Maynard, a coffee shop manager from Philadelphia, Pennsylvania

Ryan Friedman, a GIS planner from Londonderry, New Hampshire (whose 2-day cash winnings total $32,099)

[next game >>]

Jeopardy! Round responses

MONTHS
WHO'S THE MAN
(Alex: You have to name the actor who played each role we will give you.)
AIRPORT CODES
GOVERNORS
HE SAID, SHE SAID
BIG MOUTH
    $200 8
April

Alexia
    $200 19
(Ryan: Who is Heston?)

Kirk Douglas

RyanDavid
    $200 2
Denver

Ryan
    $200 14
Schwarzenegger

Ryan
    $200 13
Agatha Christie

David
    $200 1
the Atlantic

David
    $400 9
December

Ryan
    $400 20
Robin Williams

Ryan
    $400 4
Miami

Ryan
    $400 15
(Michael) Dukakis

Ryan
    $400 16
Heloise

David
    $400 3
the Gulf of Mexico

Alexia
    $600 10
May

Alexia
    $600 21
Chuck Norris

David
    $600 5
Dulles

David
    $600 17
New Mexico

Triple Stumper
    $600 25
sexes

Alexia
    $600 28
China

David
    $800 11
September

David
    $800 23
(David: Who is... Leslie...)

Leslie Nielsen

DavidAlexia
    $1,000 6
(Alex: The senator from Alaska.)

Anchorage

David
    $800 18
(David: Who is Stevenson?)

Thomas Dewey

David
Triple Stumper
    $800 26
(Alex: That was the very witty [*].)

Dorothy Parker

Triple Stumper
    $800 29
the Bering Sea

Ryan
    $1000 12
(Alex: It's busting out all over.)

June

Alexia
    $1000 24
(Alex: The film was Sharky's Machine. [*] played Sharky.)

Burt Reynolds

Triple Stumper
    $1000 7
(Ryan: What is Minneapolis?)

Detroit

RyanDavid
    $1000 22
Nebraska

Ryan
    $1000 27
Jean-Jacques Rousseau

Triple Stumper
    $1000 30
the Indian

Ryan

Scores at the first commercial break (after clue 15):

Ryan David Alexia
$600 $3,800 $2,200

Scores at the end of the Jeopardy! Round:

Ryan David Alexia
$3,600 $4,000 $3,600

Double Jeopardy! Round responses

"NOV"EMBER
THE 19th CENTURY
DOCTOR!
BRING OUT YOUR FRED
LET'S SING
A LITTLE DEITY
    $400 1
[Ryan selected the first clue.]

novocaine

Ryan
    $400 22
Jesse James

David
    $400 3
Salk

Alexia
    $400 4
Frederick the Great

David
    $400 14
(Alex: [*] of Araby, yes.)

the Sheik

Ryan
    $400 26
Bacchus

Ryan
    $800 2
novelization

David
    $800 23
(Alex: Didn't that look like [*]? You guys were mystified. You said a British invasion? Maybe it--it's someone else. A look-alike--a [*] look-alike!)

Napoleon

Triple Stumper
    $800 5
Freud

Ryan
    $800 7
Fred Loewe

Alexia
    $800 18
"Instant Karma!"

Ryan
    $800 30
Prometheus

Alexia
    $1200 11
Nova Scotia

Alexia
    $1200 24
(Simón) Bolivar

Ryan
    $1200 6
(Dr.) Spock

Ryan
    $1200 8
(Frédéric) Chopin

David
    $1200 19
Jupiter & Mars

Alexia
    $5,001 29
(Alex: You keep finding them. You're in third place, but not too far off the lead. $4,200 is the amount you trail Alexia by.)

Mercury (or Hermes)

Ryan
    $1600 12
a novena

Alexia
    $1600 25
Italy

Triple Stumper
    $1,000 15
(Ryan: [Sighs] I don't know.)
(Alex: Oh, they named a hospital after him. [*]. [*].)

Walter Reed

Ryan
    $1600 9
Frederick Douglass

Alexia
    $1600 20
Mr. In-Between

Alexia
    $1600 27
the Isis

Triple Stumper
    $2000 13
Novgorod

Triple Stumper
    $2000 16
Holy Roman Emperor

David
    $2000 17
(Dr.) Livingstone

Alexia
    $2000 10
(Frederik) de Klerk

Ryan
    $2000 21
Loch Lomond

David
    $2000 28
Balder

Triple Stumper

Scores at the end of the Double Jeopardy! Round:

Ryan David Alexia
$14,801 $10,800 $14,800

[wagering suggestions for these scores]

Final Jeopardy! Round responses

MODERN LANGUAGES
(Alex: The language itself also ends with the letter O. English-o? French-o? Nope.)
...
(Alex: [To David] Artificial language created in 1887.)
DavidWhat is Esperanto
$4,001
AlexiaWhat is Esperanto?
$6,801
RyanWhat is Esperanto?
$14,800
Esperanto

Final scores:

Ryan David Alexia
$29,601 $14,801 $21,601
3-day champion: $61,700 3rd place: $1,000 2nd place: $2,000

Game dynamics:

Coryat scores:

Ryan David Alexia
$12,000 $10,600 $14,800
18 R
(including 1 DD),
3 W
(including 1 DD)
16 R
(including 1 DD),
2 W
15 R,
0 W

Combined Coryat: $37,400

[game clues] [game scores] [suggest correction]

Game tape date: 2006-09-20
The J! Archive is created by fans, for fans. Scraping, republication, monetization, and malicious use prohibited; this site may use cookies and collect identifying information. See terms. The Jeopardy! game show and all elements thereof, including but not limited to copyright and trademark thereto, are the property of Jeopardy Productions, Inc. and are protected under law. This website is not affiliated with, sponsored by, or operated by Jeopardy Productions, Inc. Join the discussion at JBoard.tv.